书目信息 |
| 题名: |
大学语文
|
|
| 作者: | 熊汉征 , 陈静 , 陈芬芬 主编 | |
| 分册: | ||
| 出版信息: | 武汉 华中师范大学出版社 2006.08 |
|
| 页数: | 347页 | |
| 开本: | 24cm | |
| 丛书名: | 21世纪高等职业技术教育规划教材 | |
| 单 册: | ||
| 中图分类: | H1 | |
| 科图分类: | ||
| 主题词: | 汉语--han yu--高等学校--教材 | |
| 电子资源: | ||
| ISBN: | 7-5622-3433-7 | |
| 000 | 01117nam 2200289 450 | |
| 001 | 012006733234 | |
| 005 | 20070604155722.39 | |
| 010 | @a7-5622-3433-7@dCNY32.80 | |
| 100 | @a20061228d2006 km y0chiy0120 ea | |
| 101 | 0 | @achi |
| 102 | @aCN@b420000 | |
| 105 | @ay a 000y | |
| 200 | 1 | @a大学语文@Ada xue yu wen@f熊汉征 ... [等] 主编@Fxiong han zheng...[deng]zhu bian |
| 210 | @a武汉@c华中师范大学出版社@d2006.08 | |
| 215 | @a347页@d24cm | |
| 225 | 2 | @a21世纪高等职业技术教育规划教材@A21 shi ji gao deng zhi ye ji shu jiao yu gui hua jiao cai@i语文系列 |
| 304 | @a题名页题 : 熊汉征, 陈静, 陈芬芬, 严军主编 | |
| 320 | @a有书目 (第346页)。 | |
| 330 | @a本书是高等职业技术教育共同课教材,全书分上下两编。上编为文学作品选读,精选古今中外名篇。前五章按中国文学史的发展顺序编排,第六章为外国文学作品。 | |
| 410 | 0 | @12001 @a21世纪高等职业技术教育规划教材@i语文系列 |
| 606 | 0 | @a汉语@Ahan yu@x高等学校@j教材 |
| 690 | @aH1@v4 | |
| 701 | 0 | @a熊汉征@Axiong han zheng@4主编 |
| 701 | 0 | @a陈静@Achen jing@4主编 |
| 701 | 0 | @a陈芬芬@Achen fen fen@4主编 |
| 801 | 0 | @aCN@c20070604 |
| 905 | @b234076-78@dH1@eX640 | |
| 大学语文/熊汉征 ... [等] 主编.-武汉:华中师范大学出版社,2006.08 |
| 347页;24cm.-(21世纪高等职业技术教育规划教材.语文系列) |
| ISBN 7-5622-3433-7:CNY32.80 |
| 本书是高等职业技术教育共同课教材,全书分上下两编。上编为文学作品选读,精选古今中外名篇。前五章按中国文学史的发展顺序编排,第六章为外国文学作品。 |
| ● |
| 相关链接 |
|
|
|
正题名:大学语文
索取号:H1/X640
 
预约/预借
| 序号 | 登录号 | 条形码 | 馆藏地/架位号 | 状态 | 备注 |
| 1 | 234076 | 202340760 | 数理学院资料室/ [索取号:H1/X640] | 在馆 | |
| 2 | 234077 | 202340779 | 语言库209/209语言库 69排4列1层/ [索取号:H1/X640] | 在馆 | |
| 3 | 234078 | 202340788 | 语言库209/209语言库 69排4列1层/ [索取号:H1/X640] | 在馆 |